000 00960nam a22003017a 4500
003 CHAP
005 20220329133621.0
008 971013s1992 r 00010 d
010 _a8612
011 _a9584
035 _a8819
040 _cCHAP
082 _a631.8
_bJ5
100 0 0 _aJiménez Gómez, Segundo
_ecoord.
_961535
245 _aFertilizantes de liberación lenta
_b: tipos, evaluación y aplicaciones
260 _aMadrid :
_bMundi-Prensa,
_c1992
300 _a146 p.
_b: ilus. ; gráfs.
490 _aAgroguías Mundi-Prensa
590 _aBATCH-UPD
_b10
_c20130110
_lUCH01
_h1712
590 _aBATCH-UPD
_b10
_c20130410
_lUCH01
_h1058
590 _aBATCH-UPD
_b10
_c20130914
_lUCH01
_h1358
590 _aCONVERSION
_b10
_c20130109
_lUCH01
_h1306
650 1 4 _aFertilizantes.
_940447
830 0 _aAgroguias Mundi-Prensa
_92183
901 _aBK
942 _cLIBRO
949 _a631.8 J5
_bBC
_cLIBRO
_d33724000868253
_eLIBRO
_gI.c/e
_h83558
_i8819
_si
_t82.00
999 _c8612
_d8612